000
00292 a2200121 4500
003
Nust
005
20170207154320.0
022
_a
9789535106432
040
_c
Nust
245
_a
Security Enhanced Applications for Information Systems (E-Book)
_c
Christos Kalloniatis
260
_c
2012
300
_a
234 p
651
_a
E-Book
999
_c
196740
_d
196740